Transistor Circuit Approximations (Record no. 7265)
[ view plain ]
| 000 -LEADER | |
|---|---|
| fixed length control field | 00500nam a2200169 a 4500 |
| 020 ## - INTERNATIONAL STANDARD BOOK NUMBER | |
| ISBN | 007039878X (hardcover) |
| 020 ## - INTERNATIONAL STANDARD BOOK NUMBER | |
| ISBN | 978-0070398788 (hardcover) |
| 082 ## - DEWEY DECIMAL CLASSIFICATION NUMBER | |
| Classification number | 621.381530422MAL |
| 100 1# - MAIN ENTRY--AUTHOR NAME | |
| Personal name | Malvino, Albert Paul. |
| 245 10 - TITLE STATEMENT | |
| Title | Transistor Circuit Approximations |
| 250 ## - EDITION STATEMENT | |
| Edition statement | 4 Sub ed. |
| 260 ## - PUBLICATION, DISTRIBUTION, ETC. (IMPRINT) | |
| Place of publication | India : |
| Name of publisher | McGraw-Hill Companies, |
| Year of publication | 1979 |
| 300 ## - PHYSICAL DESCRIPTION | |
| Number of Pages | 449 p. ; |
| 650 ## - SUBJECT ADDED ENTRY--TOPICAL TERM | |
| Topical Term | Transistor circuits |
| 856 40 - ELECTRONIC LOCATION AND ACCESS | |
| Uniform Resource Identifier | http://www.amazon.com/exec/obidos/ASIN/0070398984/chopaconline-20 |
| 942 ## - ADDED ENTRY ELEMENTS (KOHA) | |
| Koha item type | Books |
| Withdrawn status | Lost status | Collection code | Home library | Current library | Date acquired | Cost, normal purchase price | Full call number | Accession Number | Koha item type |
|---|---|---|---|---|---|---|---|---|---|
| Central Library, QUEST, Nawabshah | Central Library, QUEST, Nawabshah | 19/06/2014 | 522.00 | 621.38153MAL | 33669 | Books | |||
| Central Library, QUEST, Nawabshah | Central Library, QUEST, Nawabshah | 15/09/2014 | 621.38153MAL | D426 | Books | ||||
| Library for Girls | Library for Girls | 19/06/2014 | 522.00 | 621.38153MAL | 33668 | Books | |||
| Reference | Reference Section | Reference Section | 19/06/2014 | 522.00 | 621.38153MAL (Shelf - 55B) | 33666 | Books | ||
| Reference | Reference Section | Reference Section | 19/06/2014 | 522.00 | 621.38153MAL (Shelf - 55B) | 33667 | Books |